|
|
|
|
| LEADER |
01252nam a2200301 a 4500 |
| 001 |
7525 |
| 003 |
BD-DhAAL |
| 005 |
20151118145241.0 |
| 008 |
151118s2008 bg 000 0 beno |
| 010 |
|
|
|a 2008324721
|
| 020 |
|
|
|z 9847011400406
|
| 040 |
|
|
|a DLC
|c DLC
|d BD-DhAAL
|
| 050 |
0 |
0 |
|a HN690.6.A8
|b S39 2008
|
| 082 |
|
|
|a 306/.095492
|
| 100 |
1 |
|
|a সায়ীদ, আবদুল্লাহ আবু
|9 16348
|
| 245 |
1 |
0 |
|a অপ্রস্তুত কলাম /
|c আবদুল্লাহ আবু সায়ীদ
|
| 246 |
1 |
|
|i Title on t.p. verso:
|a Oprostut column
|
| 246 |
1 |
|
|i Parallel title on t.p. verso:
|a Unprepared columns
|
| 260 |
|
|
|a ঢাকা :
|b সময় প্রকাশন,
|c ২০০৮.
|
| 300 |
|
|
|a ১০২ পৃ. ;
|c ২২ সে.মি.
|
| 520 |
|
|
|a Articles chiefly on social and governance issues of Bangladesh.
|
| 541 |
|
|
|e 7525
|
| 546 |
|
|
|a In Bengali.
|
| 651 |
|
0 |
|a Bangladesh
|x Social conditions.
|9 16349
|
| 651 |
|
0 |
|a Bangladesh
|x Politics and government
|y 1971-
|9 16350
|
| 942 |
|
|
|2 ddc
|c BK
|
| 999 |
|
|
|c 36225
|d 36225
|
| 952 |
|
|
|0 0
|1 0
|2 ddc
|4 0
|6 306_000000000000000__095492_SAY
|7 0
|9 56958
|a SCL
|b SCL
|c GEN
|d 2015-11-18
|g 100.00
|l 1
|m 2
|o 306.095492 SAY
|p 3020007525
|r 2018-04-07
|s 2018-03-11
|t 1
|w 2015-11-18
|y BK
|